000 00855nam a2200253 c 4500
001 26471
003 BD-RjUL
005 20211209051025.0
008 140322r19711962cau b 00110 eng d
020 _a0520011325 (pbk.).
035 _a(BD-RjUL)26541
040 _aANL
_cANL
_beng
_dBD-RjUL
041 _aeng
082 0 4 _a324.252
_bSCP 1971
100 1 0 _aScalapino, Robert A.
_981392
245 1 0 _aParties and politics in contemporary Japan /
_cRobert A. Scalapino and Junnosuke Masumi.
260 0 _aBerkeley, Calif. :
_bUniversity of California Press,
_c1962 [Reprinted 1971]
300 _aix, 190 p. ;
_c24 cm.
504 _aIncludes bibliographical references. and Index
650 0 _aPolitical parties
_zJapan.
_981393
651 0 _aJapan
_xPolitics and government
_y1945-
_96180
700 1 0 _aMasumi, Junnosuke,
_d1926-
_981394
942 _2ddc
_cBK
999 _c26471
_d26471